L’oiseau, Solann paroles - Statistiques

Statistiques générales
  • Ce quiz a été pris 24 fois
  • Le résultat moyen est 193 sur 217
Statistiques - réponses
Réponse % Correct
ai
100%
de
100%
des
100%
en
100%
es
100%
et
100%
Je
100%
je
100%
le
100%
les
100%
mon
100%
Mon
100%
ne
100%
on
100%
On
100%
y
100%
chat
94%
ciel
94%
fin
94%
j'en
94%
j'suis
94%
j'y
94%
la
94%
ma
94%
Ma
94%
m'a
94%
mais
94%
pas
94%
Qui
94%
qui
94%
s'attendait
94%
se
94%
tu
94%
vécu
94%
bien
88%
celui
88%
dans
88%
déçue
88%
désirs
88%
dit
88%
envie
88%
faim
88%
mes
88%
nid
88%
regrette
88%
retournera
88%
retournerai
88%
vie
88%
vipères
88%
branche
81%
brille
81%
coquille
81%
d'aimer
81%
d'avoir
81%
eue
81%
haut
81%
hautes
81%
herbes
81%
mère
81%
n'ai
81%
plus
81%
Ses
81%
venir
81%
viens
81%
vu
81%
cher
75%
crocs
75%
d'la
75%
entre
75%
fruits
75%
gris
75%
maintenant
75%
"Méfie-toi
75%
moi
75%
plumage
75%
saisons
75%
tacheté
75%
terre"
75%
verrai
75%
au
69%
c'est
69%
finis
69%
ou
69%
paient
69%
vermillon
69%
vire
69%
vole
69%
commencée
63%
l'ai
63%
tous
63%
cercle
56%
demain
56%
ici-bas
56%
œuf
56%
part
56%
très
56%
attendais
50%
j'm'y
50%
apâtent
44%
Aucun quiz correspondant
Distribution des résultats
% des personnes avec chaque résultat
Percentile par nombre de réponses
Votre historique - résultats
Vous n’avez pas pris ce quiz